Movies Quiz

Random Movies or Clickable Quiz

Movie Cast Match (2005) Quiz Stats

 Plays Quiz Updated Sep 29, 2017

Challenge
Share
Tweet
Embed
Score 0/40 Timer 08:00
1 Play Today
% Correct
Harry Potter and the Goblet of Fire
94.4%
Mr. & Mrs. Smith
93.9%
The 40 Year Old Virgin
92.5%
Wedding Crashers
91.4%
Madagascar
91.3%
Batman Begins
90.7%
Brokeback Mountain
89.7%
Hitch
89.7%
The Legend of Zorro
88.4%
War of the Worlds
85.3%
Walk the Line
85%
Star Wars: Episode III - Revenge of the Sith
84%
Charlie and the Chocolate Factory
83.3%
The Dukes of Hazzard
83%
Fun with Dick and Jane
81.4%
Corpse Bride
79.6%
The Longest Yard
78.6%
Fantastic Four
77.7%
Capote
74.5%
Cinderella Man
73.2%
% Correct
King Kong
72.7%
Pride & Prejudice
70.2%
Jarhead
69.1%
Coach Carter
65.9%
Sahara
64.2%
Constantine
61%
Be Cool
60.6%
Flightplan
59.3%
A History of Violence
58.6%
Kingdom of Heaven
53.3%
Lord of War
52.1%
Waiting…
52.1%
The Constant Gardener
51.8%
Munich
50.2%
The Hitchhiker's Guide to the Galaxy
49.1%
Good Night, and Good Luck.
48.8%
Kiss Kiss Bang Bang
45.8%
The Interpreter
45.2%
Serenity
43.3%
Broken Flowers
36.8%

You're not logged in!

Compare scores with friends on all Sporcle quizzes.
Join for Free
OR
Log In

You Might Also Like...

Show Comments

Extras

Top Quizzes Today


Score Distribution

Your Account Isn't Verified!

In order to create a playlist on Sporcle, you need to verify the email address you used during registration. Go to your Sporcle Settings to finish the process.

Report this User

Report this user for behavior that violates our Community Guidelines.

Details: